| 000 | 01568nam a2200361 a 4500 | ||
|---|---|---|---|
| 001 | |||
| 003 | DO-SdBNP | ||
| 005 | 20220218090448.0 | ||
| 007 | 000002230 | ||
| 008 | 090701s2008 dr 001 0 spa d | ||
| 020 | _a9789945457001 | ||
| 040 |
_aBPMSU _cspa _bBPMSU |
||
| 082 | 4 |
_aRD868.44 _bC691p 2009 _222 |
|
| 245 | 0 | 0 |
_aColección pensamiento dominicano / _c[coordinadores Luis O. Brea Franco y José Navarro Zerpa] . |
| 260 |
_aSanto Domingo : _bBanReservas: _bSociedad Dominicana de Bibliófilos, _c2008- |
||
| 300 |
_av. : _bil. ; _c27 cm. |
||
| 490 | 0 |
_aPensamiento dominicano _v4 |
|
| 500 | _aReedición de la colección Pensamiento dominicano publicada entre 1949 y 1980. | ||
| 500 | _aIncluye referencias bibliográficas y notas al pie de las páginas 9 | ||
| 504 | _aIncluye referencias bibliográficas y notas al pie de las páginas | ||
| 505 | 0 | _av. 1. : Poesía y teatro -- v. 2. Cuentos -- v. 3. Biografías y evocaciones -- v. 4. Crítica de literatura y arte. Filosofía -- v. 5. Historia -- v. 6. Novela -- v. 7. Derecho, relato y frases dominicanas. | |
| 590 | _8Inventariado, 2022/VM | ||
| 650 | 4 |
_aPoesía dominicana _xColecciones |
|
| 650 | 4 |
_aTeatro dominicano _xColecciones |
|
| 650 | 4 |
_aAutores dominicanos _xSiglo XIX |
|
| 650 | 4 |
_aLiteratura dominicana _xColecciones |
|
| 650 | 4 |
_aArte dominicano _xHistoria y crítica |
|
| 700 | 1 | 2 |
_aBrea Franco, Luis O. _ecoord. |
| 700 | 1 | 2 |
_aMella, Mariano _ecoord. |
| 710 | 2 | _aSociedad Dominicana de Bibliófilos | |
| 910 | _aVMateo V. | ||
| 942 |
_2ddc _cBK |
||
| 999 |
_c7359 _d7359 |
||